000 01732cam a22004334i 4500
003 PE-LiUPU
005 20250904151224.0
008 150616s r 000 0 d
035 _a(Sirsi) a10015
040 _aPE-LiUPU
_bspa
_cPE-LiUPU
_erda
049 _aPRUA
082 0 4 _a809.935 22
_bG35
_221
110 _aDropsie University
_eeditor.
_96217
245 0 2 _aA sense of text :
_bthe art of language in the study of Biblical literature : papers from a symposium at the Dropsie College for Hebrew and Cognate Learning, May 11, l982.
_cpor Stephen A. Geller, Edward L. Greenstein, Adele Berlin y Dropsie University.
264 1 _aWinona Lake :
_bDropsie College,
_c1982.
300 _a113 páginas ;
_c23.5 cm.
336 _atext
_2rdacontent
337 _aunmediated
_2rdamedia
338 _avolume
_2rdacarrier
490 0 _aJewish quarterly review (Philadelphia, Pa.). Supplement ; 1982.
490 0 _aJewish quarterly review. Supplement ; 1982
504 _aNotas Bibliográficas.
505 0 _aThrough windows and mirrors into the bible: History, literature and language in the study of text -- How does parallelism mean -- Point of view in biblical narrative.
526 _aP145
526 _aP127
526 _aP97
526 _aP14
526 _aP07
630 1 4 _aBiblia.
_xLenguaje y estilo.
_96256
630 0 _aBiblia como litaratura.
_92997
650 0 4 _aHebreo
_xParalelismo.
650 0 4 _aNarración en la Biblia.
_95102
700 _aGeller, Stephen A.
_eautor.
_96213
700 _aGreenstein, Edward L.
_eautor.
_96215
700 _aBerlin, Adele.
_eautor.
_96216
942 _2ddc
_cBK
980 _818226
_gJaime Vilcazán Jefe de Análisis Documental
999 _c20
_d20